| 000 | 00787nam a2200229 a 4500 | ||
|---|---|---|---|
| 005 | 20160222153636.0 | ||
| 008 | 140317t2004 sz ado |r|||| 00| 0 spa d | ||
| 020 | _a9263309701 | ||
| 040 |
_aCO-BoIAVH _cCO-BoIAVH |
||
| 041 | 0 | _aspa | |
| 044 | _asz | ||
| 082 | 0 | 4 |
_a613.110285 _bT56c |
| 110 | 2 | _aOrganización Meteorológica Mundial | |
| 245 | 1 | 0 | _aTiempo, clima, agua en la era de la información |
| 260 |
_aGinebra : _bOMM, _c2004. |
||
| 300 |
_a36 páginas : _bilustraciones a color, tablas y fotografías a color ; _c20 x 21 cm. |
||
| 490 | 0 |
_aOMM ; _v970 |
|
| 650 | 6 |
_aClimatología _xsistemas de información |
|
| 650 | 6 |
_aRecursos hídricos _xsistemas de información |
|
| 650 | 6 |
_aDesastres naturales _xTécnicas de predicción |
|
| 942 |
_cLIBRO _2ddc |
||
| 999 |
_c4607 _d4607 |
||